Т. 1 : Физическая химия; Современное естествознание

Bibliographic Details
Parent link:Современное естествознание: энциклопедия/ гл. ред. В. Н. Сойфер. Т. 1 : Физическая химия.— , 2000-2001
Other Authors: Воронин Г. Ф. (редактор)
Summary:Энциклопедия «Современное естествознание» подготовлена к печати Министерством образования Российской Федерации и Международной Соросовской Программой Образования в Области Точных Наук. Энциклопедия знакомит читателей с достижениями в области математики, физики, химии, биологии и наук о Земле за последнюю четверть века. Статьи написаны выдающимися учеными и преподавателями высшей школы, большинство из которых - соросовские лауреаты. Энциклопедия рассчитана на преподавателей средних школ, учеников старших классов, студентов и аспирантов вузов, а также на широкий круг читателей, интересующихся естественными науками, и распространяется бесплатно по библиотекам средних школ и высших учебных заведений России. Издание осуществлено на средства Правительства Российской Федерации.
Language:Russian
Published: 2000
Subjects:
Format: Book
KOHA link:https://koha.lib.tpu.ru/cgi-bin/koha/opac-detail.pl?biblionumber=24784

MARC

LEADER 00000nam2a2200000 4500
001 24784
005 20231101205629.0
010 |a 5893171330 
035 |a (RuTPU)RU\TPU\book\25015 
035 |a BOOK00000023 
090 |a 24784 
100 |a 20011209d2000 k y0rusy50 ca 
101 0 |a rus 
102 |a RU 
105 |a a f 000zy 
200 0 |a Т. 1 : Физическая химия  |f под ред. Г. Ф. Воронина 
210 |d 2000 
215 |a 328 с.  |c ил. 
330 |a Энциклопедия «Современное естествознание» подготовлена к печати Министерством образования Российской Федерации и Международной Соросовской Программой Образования в Области Точных Наук. Энциклопедия знакомит читателей с достижениями в области математики, физики, химии, биологии и наук о Земле за последнюю четверть века. Статьи написаны выдающимися учеными и преподавателями высшей школы, большинство из которых - соросовские лауреаты. Энциклопедия рассчитана на преподавателей средних школ, учеников старших классов, студентов и аспирантов вузов, а также на широкий круг читателей, интересующихся естественными науками, и распространяется бесплатно по библиотекам средних школ и высших учебных заведений России. Издание осуществлено на средства Правительства Российской Федерации. 
461 1 |0 (RuTPU)RU\TPU\book\85107  |t Современное естествознание  |o энциклопедия  |o в 10-ти т.  |f гл. ред. В. Н. Сойфер  |v Т. 1 : Физическая химия  |d 2000-2001  |s Международная Соросовская Программа Образования в области Точных Наук: ISSEP 
606 |a Естествознание  |2 stltpush  |3 (RuTPU)RU\TPU\subj\68178  |9 83661 
606 |a Физическая химия  |2 stltpush  |3 (RuTPU)RU\TPU\subj\67669  |9 83390 
610 1 |a квантовая химия 
610 1 |a химическая связь 
610 1 |a строение веществ 
610 1 |a кинетика 
610 1 |a катализ 
610 1 |a химическая термодинамика 
610 1 |a электрохимия 
610 1 |a материалы 
610 1 |a методы исследования 
610 1 |a энциклопедии 
675 |a 50(031)  |v 3 
675 |a 544(031)  |v 3 
702 1 |a Воронин  |b Г. Ф.  |4 340 
801 0 |a RU  |b 63413507  |c 20011209  |g PSBO 
801 2 |a RU  |b 63413507  |c 20190314  |g PSBO 
942 |c BK